000 00502cam a22001931 4500
001 af 48004810
003 DLC
005 20260227110910.0
008 890403s1946 gw 000 1 ger c
010 _aaf 48004810
035 _a(OCoLC)19488988
040 _aYale Univ. Library
_cCU
_dDLC
042 _apremarc
050 0 0 _aPT2613.U215
_bG6
100 1 _aGüldenstein, W. P.
245 1 0 _aGoldene Suaheli,
_bKriminalroman.
260 _aBerlin,
_bPinguin-Verlag
_c[c1946]
300 _a141 p.
_c21 cm.
999 _c6222
_d6222